[Event "AUTO-INT-1182"]
[Site "http://www.queenalice.com/game.php?id=529188"]
[Date "2009.1.25"]
[Round "1"]
[White "flogisto"]
[Black "clabrada"]
[Result "0-1"]
[WhiteElo "1676"]
[BlackElo "1624"]

1. e4 c5 2. Nf3 d6 3. Bc4 Nc6 4. Ng5 e6 5. Qf3 Qxg5 6. Nc3 a6 7. d4 Qd8 8. d5
Ne5 9. Qg3 Nxc4 10. dxe6 Bxe6 11. O-O Nf6 12. Bg5 Be7 13. Bxf6 Bxf6 14. Rad1 O-O
15. Ne2 Bh4 16. Qf4 Qf6 17. Qxf6 Bxf6 18. h3 Rfd8 19. c3 b5 20. b3 Nb6 21. a4
Bxb3 22. Rd3 Bc4 23. Rg3 Bxe2 24. Re1 Bc4 25. a5 Bxc3 26. Rxc3 Na4 27. Rce3 g6
28. e5 Be6 29. exd6 Rxd6 30. Kh2 Rad8 31. f4 c4 0-1

[Event "Let's Play Chess!"]
[Site "http://www.queenalice.com/game.php?id=529458"]
[Date "2009.1.26"]
[Round "-"]
[White "vieri"]
[Black "flogisto"]
[Result "0-1"]
[WhiteElo "1050"]
[BlackElo "1668"]

1. e4 e5 2. Nf3 Nc6 3. Bb5 a6 4. Bxc6 dxc6 5. Nxe5 Be6 6. Qf3 Nf6 7. O-O Bd6 8.
d4 Bb4 9. c3 Be7 10. Bg5 Nxe4 11. Bxe7 Qxe7 12. Qxe4 Bc4 13. Na3 Bxf1 14. Kxf1
O-O 15. Nac4 b6 16. Qxc6 Qh4 17. Qxc7 Qxh2 18. Re1 Qh1+ 19. Ke2 Qxg2 20. Qxb6
Qe4+ 21. Kd2 Qf4+ 22. Ke2 Rae8 23. Kd3 Qxf2 24. Re2 Qg3+ 25. Re3 Qf4 26. Qxa6
Ra8 27. Qc6 Rxa2 28. Qd7 Qf1+ 29. Kd2 Qg2+ 30. Kd3 Ra1 31. Nxf7 Qg6+ 32. Kd2 Rh1
33. Nce5 Rh2+ 34. Re2 Rxe2+ 35. Kxe2 Qe4+ 36. Kd2 Qg2+ 37. Kd3 Qxb2 38. Qd5 Qb1+
39. Ke3 Qc1+ 40. Kd3 Qd1+ 41. Kc4 Qe2+ 42. Kc5 Rc8+ 43. Kd6 Qa6+ 44. Nc6 Kf8 45.
Nd8 Rxd8+ 46. Ke5 Rxd5+ 47. Kxd5 Qa2+ 48. Kc5 h5 49. d5 Qa3+ 50. Kc4 Qd6 51. Kd4
h4 52. Ne5 h3 53. Ng4 h2 54. Nf2 Qf4+ 55. Ne4 h1=Q 56. Kd3 Qhxe4# 0-1

[Event "Pawn Alice"]
[Site "http://www.queenalice.com/game.php?id=529620"]
[Date "2009.1.26"]
[Round "-"]
[White "Maffu"]
[Black "flogisto"]
[Result "1-0"]
[WhiteElo "1885"]
[BlackElo "1623"]

1. e4 e5 2. Nf3 Nc6 3. Bb5 a6 4. Ba4 b5 5. Bb3 Nf6 6. d4 exd4 7. e5 Ng4 8. Bxf7+
Kxf7 9. Ng5+ Kg8 10. Qxg4 d5 11. Qe2 Bb4+ 12. c3 dxc3 13. O-O Nd4 14. Qd3 cxb2
15. Bxb2 Qxg5 16. Bxd4 Bf5 17. Qb3 Rd8 18. Qxb4 h5 19. Nd2 Bh3 20. g3 Bxf1 21.
Rxf1 h4 22. f4 Qg4 23. Qe7 Kh7 24. Nf3 hxg3 25. Ng5+ Kg6 26. f5+ Qxf5 27. Rxf5
Kxf5 28. hxg3 Rhg8 29. Nf3 Ke4 30. Kg2 a5 31. Qh4+ Kf5 32. Qg5+ Ke6 33. Qg6+ Ke7
34. e6 Rd6 35. Qf7+ 1-0

[Event "AUTO-OPEN-1425"]
[Site "http://www.queenalice.com/game.php?id=533204"]
[Date "2009.2.1"]
[Round "1"]
[White "Possible43"]
[Black "flogisto"]
[Result "0-1"]
[WhiteElo "1946"]
[BlackElo "1658"]

1. e4 e5 2. Nf3 Nc6 3. d3 Be7 4. g3 Nf6 5. Bg2 Bb4+ 6. c3 Ba5 7. O-O Ng4 8. h3
d6 9. hxg4 Bxg4 10. Be3 Qd7 11. Nbd2 O-O-O 12. a4 Bxf3 13. Nxf3 Rhe8 14. b4 Bb6
15. Bxb6 axb6 16. a5 b5 17. Qb1 Nb8 18. c4 d5 19. exd5 e4 20. dxe4 Rxe4 21. Qxe4
f5 22. Qc2 h6 23. Rfc1 Na6 0-1

[Event "AUTO-OPEN-1425"]
[Site "http://www.queenalice.com/game.php?id=533205"]
[Date "2009.2.1"]
[Round "1"]
[White "flogisto"]
[Black "Possible43"]
[Result "1-0"]
[WhiteElo "1628"]
[BlackElo "1976"]

1. e4 e5 2. Nf3 f5 3. exf5 e4 4. Ne5 Nf6 5. Nc3 d5 6. d3 Bxf5 7. Qe2 Bd6 8. Bf4
O-O 9. dxe4 dxe4 10. Qc4+ Kh8 11. Nf7+ Rxf7 12. Qxf7 Bxf4 13. Nb1 Nc6 14. Bc4
Ne5 15. Qe6 Bxe6 16. Bxe6 Qe7 17. Bf5 Rd8 18. Nc3 Bd2+ 19. Kf1 Bxc3 20. bxc3 g6
21. Bh3 Qc5 22. Rb1 Qxc3 23. Rxb7 1-0

[Event "Challenge"]
[Site "http://www.queenalice.com/game.php?id=544830"]
[Date "2009.2.22"]
[Round "-"]
[White "Andrei_78"]
[Black "flogisto"]
[Result "1-0"]
[WhiteElo "1683"]
[BlackElo "1641"]

1. e4 e5 2. Nf3 Nc6 3. a3 Bc5 4. Bc4 Nh6 5. d3 Ng4 6. Be3 Nxe3 7. fxe3 Bxe3 8.
Qe2 Bd4 9. c3 d5 10. cxd4 dxc4 11. dxc4 exd4 12. O-O d3 13. Qe3 O-O 14. Rd1 Na5
15. Rxd3 Bd7 16. Ne5 Nb3 17. Rxb3 Be6 18. Nc3 b6 19. Nc6 Qf6 20. Rf1 Qh4 21. Nd5
Kh8 22. Ne5 Bxd5 23. cxd5 Rae8 24. Nd7 Rxe4 25. Qc3 Rfe8 26. Qxc7 R4e7 27. Rbf3
Qd4+ 28. Kh1 Re1 29. h3 R1e7 30. Qd6 Qh4 31. Ne5 Rxe5 32. Rxf7 h5 33. R7f4 Qg5
34. b4 Re2 35. R4f2 Rxf2 36. Rxf2 Re1+ 37. Kh2 Qc1 38. Rf8+ Kh7 39. Rf5 Rh1+ 40.
Kg3 Qe3+ 41. Rf3 Qg5+ 42. Kf2 Rh2 43. Qxh2 Qxd5 44. Qf4 Qa2+ 45. Kg3 1-0

[Event "WPawnTrophy 2/09"]
[Site "http://www.queenalice.com/game.php?id=552141"]
[Date "2009.3.7"]
[Round "1"]
[White "xerxe"]
[Black "flogisto"]
[Result "0-1"]
[WhiteElo "1610"]
[BlackElo "1670"]

1. d4 d5 2. c4 dxc4 3. Nc3 e6 4. e4 Nf6 5. e5 Nd5 6. Bxc4 Bb4 7. Qf3 Nc6 8. Ne2
Nxc3 9. bxc3 Ba5 10. Ba3 Ne7 11. O-O Nf5 12. Ng3 Nh4 13. Qh5 Bxc3 14. Qxh4 Qxh4
0-1

[Event "AUTO-INT-1233"]
[Site "http://www.queenalice.com/game.php?id=552833"]
[Date "2009.3.8"]
[Round "1"]
[White "flogisto"]
[Black "Vetao"]
[Result "1-0"]
[WhiteElo "1684"]
[BlackElo "1638"]

1. e4 e5 2. Nf3 Nc6 3. Bc4 h6 4. Nc3 a6 5. O-O Qf6 6. Nd5 Qd6 7. d4 b5 8. dxe5
Nxe5 9. Nxe5 Qxe5 10. Re1 bxc4 11. Bf4 Qxb2 12. Nxc7+ Kd8 13. Nxa8 Be7 14. Bc7+
Ke8 15. Nb6 Nf6 16. e5 g6 17. exf6 Qxf6 18. Nxc8 Kf8 19. Qxd7 Kg8 20. Nxe7+ Kh7
21. Be5 Qb6 22. Bxh8 Qb8 23. Bd4 h5 24. Qc8 Qxh2+ 25. Kxh2 1-0

[Event "AUTO-INT-1233"]
[Site "http://www.queenalice.com/game.php?id=552834"]
[Date "2009.3.8"]
[Round "1"]
[White "Vetao"]
[Black "flogisto"]
[Result "1-0"]
[WhiteElo "1634"]
[BlackElo "1698"]

1. e4 e5 2. Qf3 Nc6 3. Bc4 Nf6 4. Nh3 h6 5. d3 Nd4 6. Qd1 Bc5 7. Be3 d6 8. f3
Bxh3 9. gxh3 Qe7 10. Bxd4 Bxd4 11. Nd2 Bxb2 12. Rb1 Bd4 13. Rxb7 Nd7 14. Rf1
Qh4+ 15. Ke2 Qxh3 16. Qe1 Qxh2+ 17. Kd1 Bb6 18. Bd5 Nc5 19. Rxb6 axb6 20. Bxa8
Kd7 21. Rf2 Qf4 22. Bd5 c6 23. Nc4 cxd5 24. Nxb6+ Kc6 25. Nxd5 Qg5 26. Qb4 Nd7
27. Qc4+ Nc5 28. a4 Qg1+ 29. Ke2 Qa1 30. Qb5# 1-0

[Event "AUTO-INT-1233"]
[Site "http://www.queenalice.com/game.php?id=552835"]
[Date "2009.3.8"]
[Round "1"]
[White "flogisto"]
[Black "saturnin"]
[Result "0-1"]
[WhiteElo "1679"]
[BlackElo "1573"]

1. e4 e5 2. Nf3 Bc5 3. Nc3 d6 4. Nd5 c6 5. d4 exd4 6. e5 dxe5 7. Nxe5 Qxd5 8.
Qe2 Be6 9. Bf4 Bb4+ 10. Bd2 Bxd2+ 11. Kxd2 b5 12. Ng4 Qg5+ 13. Ke1 Qxg4 14. f3
Qg6 15. Rd1 Ne7 16. Rxd4 O-O 17. Rd6 Na6 18. g4 Rad8 19. Rxd8 Rxd8 20. Rg1 Nb4
21. Kf2 Nxc2 22. Qe5 Nb4 23. Qc7 Re8 24. Qxa7 Bxa2 25. Qc5 Nd3+ 26. Bxd3 Qxd3
27. g5 Qd2+ 28. Kg3 Qxb2 29. Kh3 b4 30. g6 hxg6 31. Qe3 Be6+ 32. Kh4 Qxh2+ 33.
Kg5 f6# 0-1

[Event "AUTO-INT-1233"]
[Site "http://www.queenalice.com/game.php?id=552836"]
[Date "2009.3.8"]
[Round "1"]
[White "saturnin"]
[Black "flogisto"]
[Result "1-0"]
[WhiteElo "1617"]
[BlackElo "1659"]

1. Nf3 d5 2. c3 Nc6 3. b4 Bd7 4. Qb3 Nf6 5. b5 Na5 6. Qb4 Nc4 7. d3 Nb6 8. a4 e5
9. Qh4 Be7 10. a5 Ne4 11. Qh5 Nxf2 12. Kxf2 Nc8 13. Nxe5 Be6 14. g4 Nd6 15. a6
b6 16. Nc6 Qd7 17. Nxe7 Qxe7 18. Bg2 h6 19. Bf3 g6 20. Qe5 f6 21. Qe3 Nxb5 22.
Bd2 h5 23. gxh5 gxh5 24. c4 Nd6 25. Bxd5 Nf5 26. Qxe6 Qxe6 27. Bxe6 Nd4 28. Bd5
O-O-O 29. e3 Nc2 30. Ra2 c6 31. Bxc6 Nd4 32. Bb7+ Kc7 33. exd4 Rxd4 34. Ke3 Rhd8
35. Ra3 f5 36. Rf1 1-0